000
00278nam a2200109Ia 4500
008
190912s9999||||xx |||||||||||||| ||und||
100
_a
W. Karnowski
245
4
_a
The EFU SAGA The Making of an Institution
260
_a
Lahore
_b
Prentice Hall
_c
2001
300
_a
510
942
_c
BK
999
_c
7719
_d
7719